000
00215 a2200097 4500
001
18648
100
_a
Khatib, L B
245
_a
Tareekh-e-Gharnata Vol-1
260
_a
_b
Nafees Academy
_c
1963
090
_c
13872
_d
13872
942
_a
NUST-CAE
_c
M
_c
4305
999
_c
253721
_d
253721